<?xml version="1.0" encoding="UTF-8"?>
<collection xmlns="http://www.loc.gov/MARC21/slim">
    <record>
        <controlfield tag="001">79369</controlfield>
        <controlfield tag="005">20190610122802.0</controlfield>
        <datafield tag="024" ind1="8" ind2=" ">
            <subfield code="2">sideral</subfield>
            <subfield code="a">111673</subfield>
        </datafield>
        <datafield tag="037" ind1=" " ind2=" ">
            <subfield code="a">ART-2019-111673</subfield>
        </datafield>
        <datafield tag="041" ind1=" " ind2=" ">
            <subfield code="a">spa</subfield>
        </datafield>
        <datafield tag="100" ind1=" " ind2=" ">
            <subfield code="a">Rueda Martín, María Ángeles</subfield>
        </datafield>
        <datafield tag="245" ind1=" " ind2=" ">
            <subfield code="a">Cometer un delito por discriminación referente al sexo de la víctima y/o por razones de género como circunstancia agravante genérica</subfield>
        </datafield>
        <datafield tag="260" ind1=" " ind2=" ">
            <subfield code="c">2019</subfield>
        </datafield>
        <datafield tag="506" ind1="0" ind2=" ">
            <subfield code="a">Access copy available to the general public</subfield>
            <subfield code="f">Unrestricted</subfield>
        </datafield>
        <datafield tag="520" ind1="3" ind2=" ">
            <subfield code="a">El objeto del presente trabajo es el estudio de la circunstancia agravante genérica contemplada en el artículo 22.4º del Código penal aplicable cuando se comete un delito por una discriminación, entre otros motivos, por el sexo de la víctima y/o por razones de género. La doctrina y la jurisprudencia que se han pronunciado a favor de la diferenciación entre la discriminación referente al sexo de la víctima y la discriminación por razones de género se limita a dotar de contenido a esta última clase de discriminación, desatendiendo la primera sobre la que tan apenas existe alguna propuesta de interpretación. Esta investigación ofrece un análisis doctrinal y jurisprudencial sobre la discriminación referente al sexo de la víctima y la discriminación por razones de género, con el fin de comprobar si tienen elementos en común que fundamentan el mismo reproche o si, por el contrario, abarcan ámbitos diferentes.</subfield>
        </datafield>
        <datafield tag="540" ind1=" " ind2=" ">
            <subfield code="9">info:eu-repo/semantics/openAccess</subfield>
            <subfield code="a">All rights reserved</subfield>
            <subfield code="u">http://www.europeana.eu/rights/rr-f/</subfield>
        </datafield>
        <datafield tag="655" ind1=" " ind2="4">
            <subfield code="a">info:eu-repo/semantics/article</subfield>
            <subfield code="v">info:eu-repo/semantics/publishedVersion</subfield>
        </datafield>
        <datafield tag="773" ind1=" " ind2=" ">
            <subfield code="g">21 (2019), [37 pp.]</subfield>
            <subfield code="p">Rev. electrón. cienc. penal criminol.</subfield>
            <subfield code="t">Revista Electrónica de Ciencia Penal y Criminología</subfield>
            <subfield code="x">1695-0194</subfield>
        </datafield>
        <datafield tag="856" ind1="4" ind2=" ">
            <subfield code="s">1111533</subfield>
            <subfield code="u">http://zaguan.unizar.es/record/79369/files/texto_completo.pdf</subfield>
            <subfield code="y">Versión publicada</subfield>
        </datafield>
        <datafield tag="856" ind1="4" ind2=" ">
            <subfield code="s">87624</subfield>
            <subfield code="u">http://zaguan.unizar.es/record/79369/files/texto_completo.jpg?subformat=icon</subfield>
            <subfield code="x">icon</subfield>
            <subfield code="y">Versión publicada</subfield>
        </datafield>
        <datafield tag="909" ind1="C" ind2="O">
            <subfield code="o">oai:zaguan.unizar.es:79369</subfield>
            <subfield code="p">articulos</subfield>
            <subfield code="p">driver</subfield>
        </datafield>
        <datafield tag="951" ind1=" " ind2=" ">
            <subfield code="a">2019-06-07-15:12:27</subfield>
        </datafield>
        <datafield tag="980" ind1=" " ind2=" ">
            <subfield code="a">ARTICLE</subfield>
        </datafield>
    </record>

    
</collection>